000 03026cam a2200361 4500500
005 20260322005525.0
041 _afre
042 _adc
100 1 0 _aFoster, Elizabeth A.
_eauthor
245 0 0 _aLa carrière de Hyacinthe Thiandoum : de l’Église coloniale à l’Église africaine
260 _c2026.
500 _a15
520 _aCet article retrace la carrière de Hyacinthe Thiandoum, premier Africain à la tête de l’archidiocèse de Dakar pour illustrer quatre thématiques clés concernant la transformation de l’Église en Afrique, d’une institution bâtie pendant l’ère coloniale par des missions européennes vers une Église autochtone dans des pays indépendants. Premièrement, il existe des tensions de longue date entre le Vatican, qui veut alors mettre la priorité sur l’avancement d’un clergé africain, et des missionnaires français sur le terrain. Deuxièmement, au moment de la décolonisation, le Vatican se tourne vers la génération montante du clergé africain, dont Hyacinthe Thiandoum, afin de gérer des situations politiques épineuses. Troisièmement, Thiandoum et ses pairs saisissent l’occasion de réimaginer l’Église lors du Concile du Vatican II. Cependant, les prises de position complexes de Thiandoum rappellent que les prélats africains de cette ère ne se rangent pas automatiquement avec les catholiques progressistes européens.
520 _aThis article examines the career of Hyacinthe Thiandoum, the first African archbishop of Dakar in order to illustrate four key themes pertaining to the transition of the Catholic Church in Africa from an institution built by European missionaries in the colonial era to an African-led church in independent states. First of all, there were long-term tensions between the Vatican, which wanted to prioritize the training and promotion of African clergy, and French missionaries on the ground. Second, as political decolonization unfolded, the Vatican turned to Thiandoum and men of his generation to manage difficult political situations. Third, Thiandoum and his peers seized the occasion of the Second Vatican Council to reimagine the Catholic Church in Africa and the world. Finally, however, his complex and varied opinions offer proof that African prelates of his generation were not always aligned with progressive European Catholics.
690 _aAfrique
690 _aConcile Vatican II
690 _adécolonisation
690 _aÉglise catholique
690 _aHyacinthe Thiandoum
690 _amissions
690 _aSénégal
690 _aXXe siècle
690 _aAfrica
690 _aCatholic Church
690 _adecolonization
690 _aHyacinthe Thiandoum
690 _amissions
690 _aSecond Vatican Council
690 _aSenegal
690 _aTwentieth century
786 0 _nOutre-Mers | 426-427 | 1-2 | 2026-02-26 | p. 99-111 | 1631-0438
856 4 1 _uhttps://shs.cairn.info/revue-outre-mers-2025-1-2-page-99?lang=fr&redirect-ssocas=7080
999 _c1749134
_d1749134